Coupe du Monde Football 1930: Drapeaux des pays qualifiés - Statistiques

Statistiques générales
  • Ce quiz a été pris 38 fois
  • Le résultat moyen est 12 sur 13
Statistiques - réponses
Par images Réponse % Correct
Argentine
100%
Belgique
100%
Brésil
97%
Etats-Unis
97%
France
97%
Mexique
97%
Roumanie
94%
Uruguay
94%
Paraguay
92%
Chili
89%
Pérou
89%
Bolivie
75%
Yougoslavie
53%
Aucun quiz correspondant
Distribution des résultats
% des personnes avec chaque résultat
Percentile par nombre de réponses
Votre historique - résultats
Vous n’avez pas pris ce quiz